| 000 | 00535nam a2200181 4500 | ||
|---|---|---|---|
| 001 | 116328 | ||
| 003 | ES-MaACL | ||
| 005 | 20230906190702.0 | ||
| 007 | t| | ||
| 008 | 061121s1961 sp r ||||1| spa d | ||
| 100 | 1 |
_aParmelín, Helene. _989197 |
|
| 245 | 1 | 0 |
_aPicasso en el ruedo / _cpor Helene Parmelín ; [traducción de Domingo Pruna]. |
| 250 | _a[1ª ed.]. | ||
| 260 |
_aBarcelona [etc.] : _bPlaza y Janés, _c1961. |
||
| 300 |
_a287 p. ; _c23 cm. |
||
| 700 | 1 |
_aPruna, Domingo. _994081 |
|
| 852 |
_aES-MaACL _jA-3117 _bR.47938 |
||
| 999 |
_c116328 _d116328 |
||